00424nam a22001577a 450000500170000002000220001703500170003908200060005610000180006224500490008026000350012926000410016427000140020530000240021949000230024320150407110452.0 a0340894679c85.00 aB-265566-585 aS aBlyton, Enid  aFive have plenty of fun / cby Enid Blyton aLondonbHodder Headline c2004 aNew DelhibBlue Berry (vendor)c2004 bNew York  a250p. c18 cm (Hb)  aThe famous five 14